7 narzędzi niezbędnych w pracy hydraulika - Statystyki

Ogólne statystyki
  • Ten quiz został rozwiązany 37 razy
  • Średni wynik to 2 z 7
Statystyki odpowiedzi
Hint Odpowiedź % Poprawnych
1. Klucze
72%
3. Gwintownica
36%
5. Zaciskarka
36%
6. Zgrzewarka
28%
2. Obcinak do rur
16%
7. Spawarka
16%
4. Giętarka do rur
4%
Nie znaleziono quizów pasujących do podanych kryteriów
Rozkład punktacji
Procent ludzi z każdym wynikiem
Percentyl według liczby udzielonych odpowiedzi
Twoja historia wyników
Nie rozwiązałeś tego quizu